000 00334nam a2200133Ia 4500
008 240624s9999 xx 000 0 und d
041 _aeng
082 _a823 CHU
100 _aCHUA AMY
245 _aBATTLE HYMN OF THE TIGER MOTHER
260 _c2011
_aLondon
_bBloomsbury Publication
300 _a247p. : cm. ; 20
365 _cRS
_b25
999 _c19847
_d19847